000 01981nam1a22004931 4500
001 v19\rc\1732283
005 20260128114925.0
035 _a(NLR Aleph) 004827449
090 _a5074129
_c5074129
100 _a20061002g19011911|||y0rusy50 ca
101 1 _arus
_cger
102 _aRU
105 _a f |||||
200 1 _aПромышленность и техника
_eЭнцикл. пром. знаний
_fПроф. Аренс, Арндт, Борхерс [и др.]
_gПолн. пер. с 9-го нем. изд. с знач. ориг. доп., под ред. проф. А.А. Байкова, В.И. Баумана, Н.А. Газехуса... и др. Т. 1-
210 _aСанкт-Петербург
_cтип. т-ва "Просвещение"
_d1901-[1911]
215 _d26
702 1 _aАренс
_bГ.-Л.
_f1809-1881
_gГенрих-Людольф
_4220
702 1 _aАрндт
_bА.
_f1848-
_gАдольф
_4220
702 1 _aБорхерс
_bВ.
_f1856-1925
_gВильгельм
_4220
702 1 _aБауман
_bВ. И.
_4340
702 1 _aБайков
_bА. А.
_4340
702 1 _aГезехус
_bН. А.
_f1845-1910
_gНиколай Александрович
_4340
801 0 _aRU
_bNLR
_gpsbo
801 0 _aRU
_bRuMoRGB
_2psbo
801 1 _aRU
_bProSoft-M
_2rusmarc
852 _aNLR
_j37.10.8.10
852 _aNLR
_j38.76.3.75(1,7)
852 _aNLR
_j+Шифры разные
899 _aRuMoRGB
_jA 215/1 (т. 1-10)
899 _aRuMoRGB
_jΔ 37/164 (т. 1-2, 5-7)
899 _aRuMoRGB
_jU 477/229 (т. 1-10)
899 _aRuMoRGB
_jРб 1/1194 (т. 1-6)
899 _aRuMoRGB
_jРб 1/1195 (т. 7-11)
899 _aRuMoRGB
_jO 48/127 (т. 1-10)
899 _aRuMoRGB
_jU 385/9 (т. 1-5, 7, 10)
899 _aRuMoRGB
_jU 73/788 (т. 2)
899 _aRuMoRGB
_j801-85/17060-4 (т. 9)
899 _aБАН
899 _aНБ СПбГУ
_z(7)
899 _aГПИБ
_z(1, 9)
899 _aНБ МГУ
_z(1-7)
942 _cBOOK
980 _aNB